000 00527nam a2200181Ia 4500
003 GCL
008 140319s9999 xx 000 0 ara d
040 _aGCL /
_cGCL
082 0 4 _a813.03
_bم ح
100 1 _aمحمد نورالدين
245 1 0 _aحلم الاستاذ جمال /
_cمحمد نورالدين
260 _a[S.N] :
_bرياض الريس للكتب والنشر ،
_c1992
300 _a118 ص
490 _a
650 0 4 _aالادب العربى
650 0 4 _aالقصص العربية
942 _2ddc
_cBK
999 _c53250
_d53250